00658nam a2200217Ia 4500003000900000008004100009020001800050040001600068080001600084100002100100245011500121250001200236260003400248300001400282490004100296650002700337650001900364650002500383650001700408650001500425IN-BaIIA211028s9999 xx 000 0 eng d a3-540-41249-2 cIIA Library a523.62bKAL aKallenrode, M. B 0aSpace physicsban introduction to plasmas and particles in the heliosphere and magnetospherecM. B. Kallenrode a2nd ed. aBerlinbSpringer-Verlagc2001 axv, 365p. aPhysics and astronomy online library aElectromagnetic fields aKinetic theory aMagnetohydrodynamics aPlasma waves aSolar wind